000 00620nam a2200193 4500
001 136177
003 ES-MaACL
005 20250827035157.0
007 t|
008 070214s1965 sp r ||||1| cat d
100 1 _aSabadell y Mercadé, José.
_9101152
245 1 0 _aFoes de Bosc /
_cJosé Sabadell y Mercadé.
260 _aBarcelona :
_bRafael Dalmau,
_c1965.
300 _a70 p. :
_bil. ;
_c19 cm.
490 1 _aMonografías del club excursionista de Gracia
830 0 0 _aMonografías del Club Excursionista de Gracia
_9219979
852 _aES-MaACL
_jC-28309
_bR.57034
999 _c136177
_d136177